| 000 | 01867nam a22002537a 4500 | ||
|---|---|---|---|
| 003 | OSt | ||
| 005 | 20210818181850.0 | ||
| 008 | 180130s2012 sp gr 000 f spa d | ||
| 020 | _a9788424641702 | ||
| 040 |
_bspa _aCOMFC _erda |
||
| 041 | _aspa | ||
| 100 | 1 |
_951184 _aFernández Vidal, Sonia |
|
| 245 | 1 | 0 |
_aQuantic love _cSonia Fernández Vidal |
| 260 |
_aBarcelona _bLuna Roja _bLa Galera _c2012 |
||
| 300 | _a235 páginas | ||
| 336 |
_2rdacontent _atxt |
||
| 337 |
_2rdamedia _an |
||
| 338 |
_2rdacarrier _anc |
||
| 505 | _aQuantic Love es la novela que resuelve la ecuación del amor. En el CERN, el centro de investigación más avanzado del mundo, entre experimentos de viajes en el tiempo y de teletransportación, entre partículas que superan la velocidad de la luz y otras que revelan el origen del Universo, la joven Laila se enfrenta al mayor misterio que existe: cómo decidir entre dos amores. Por un lado, Alessio, un atractivo periodista; y, por otro, Brian, un cerebral científico que oculta un gran secreto. Laila es una jóven sevillana con un único objetivo, trabajar durante el verano para poder pagarse su primer año en la universidad. Una vez allí conoce a Angie, su compañera de piso, que convierte un verano sacrificado y duro en algo inolvidable; un verano en el que conocerá a gente nueva que le abrirá nuevas fronteras y la harán sentirse como en casa. Amigos y compañeros con los que intentará resolver la ecuación del amor. Quantic Love es, en fin, una historia entretenida y original en la que los personajes están muy bien definidos y provocan empatía sincera con el lector. Un nuevo experimento de Sonia Fernandez Vidal vivo y divertido. | ||
| 082 | 0 | 4 |
_a863 _bF363q |
| 650 | 0 |
_951185 _aNovela Juvenil Española |
|
| 650 | 0 |
_924761 _aNovela Amorosa |
|
| 942 |
_2ddc _h863 F363q _k863 _mF363q |
||
| 999 |
_c12978 _d12978 |
||